[Event "Lazne Bohdanec"]
[Site "Lazne Bohdanec"]
[Date "1997.??.??"]
[Round "2"]
[White "Stocek, Jiri"]
[Black "Keitlinghaus, Ludger"]
[Result "1/2-1/2"]
[WhiteElo "2450"]
[BlackElo "2455"]

1.d4 d5 2.c4 c6 3.Nc3 Nf6 4.Nf3 a6 5.c5 Bf5 6.Qb3 Qc8 7.h3 Nbd7 8.Bf4 e6
9.e3 Be7 10.Be2 O-O 11.O-O Re8 12.Rac1 Ne4 13.Rfd1 Bd8 14.Na4 Bc7 15.Ne5 Nef6
16.Nb6 Bxb6 17.cxb6 Nxe5 18.Bxe5 Qd8 19.Bc7 Qe7 20.Qc3 Ne4 21.Qe1 Rec8 22.a4 a5
23.f3 Nf6 24.Qc3 Nd7 25.Bf1 Nb8 26.Qe1 Na6 27.Bxa6 Rxa6 28.e4 dxe4 29.fxe4 Bg6
30.Rc5 h6 31.Qe3 Raa8 32.Rf1 Re8 33.Kh1 Kh7 34.b3 f6 35.Re1 Rf8 36.Qc3 Qd7
37.Qe3 f5 38.exf5 exf5 39.Qe7 Rf7 40.Qxd7 Rxd7 41.Rce5 f4 42.Re7 Rxe7 43.Rxe7 Re8
44.Rxe8  1/2-1/2

[Event "Paris Plage op 12th"]
[Site "Le Touquet"]
[Date "1997.??.??"]
[Round "?"]
[White "Chuchelov, Vladimir"]
[Black "Archangelsky, Mikhail"]
[Result "1-0"]
[WhiteElo "2540"]
[BlackElo "2250"]

1.d4 d5 2.c4 c6 3.Nf3 Nf6 4.Nc3 a6 5.e3 b5 6.b3 Bg4 7.Be2 e6 8.O-O Nbd7 9.h3 Bxf3
10.Bxf3 Be7 11.e4 b4 12.exd5 cxd5 13.Na4 O-O 14.Bf4 Rc8 15.c5 Nb8 16.Be2 Nfd7
17.Qd2 Qa5 18.a3 Nc6 19.axb4 Qxb4 20.Qxb4 Nxb4 21.Nb6 Nxb6 22.cxb6 Rc6 23.Bc7 Bf6
24.Rac1 Bxd4 25.Rxc6 Nxc6 26.Rc1 Nb8 27.b7 Ba7 28.Bd6  1-0

[Event "Lilie op"]
[Site "Litomysl"]
[Date "1997.??.??"]
[Round "2"]
[White "Bielicki, Birke"]
[Black "Dovzik, Juri"]
[Result "0-1"]
[WhiteElo "2180"]
[BlackElo "2405"]

1.d4 d5 2.Nf3 Nf6 3.c4 c6 4.Nc3 a6 5.cxd5 cxd5 6.Bf4 Nc6 7.e3 Bg4 8.Bd3 e6
9.Rc1 Bd6 10.Bg3 O-O 11.O-O Rc8 12.Qa4 Bxf3 13.gxf3 Nh5 14.Bxd6 Qxd6 15.Kh1 Nf6
16.Rg1 g6 17.Rg3 e5 18.dxe5 Nxe5 19.Be2 Nc4 20.Qc2 b5 21.Bxc4 dxc4 22.Rd1 Qc6
23.Qf5 Rcd8 24.Rdg1 Kh8 25.Qg5 Rd2 26.e4 Rxf2 27.Rh3 Qe6 28.Qh6 Rg8 29.Nd5 Rg7
30.Qh4 Nh5 31.Rd1 Rxb2 32.Nf4 Qf6 33.Nxh5 Qxh4 34.Rxh4 gxh5 35.Rxh5 Rxa2  0-1

[Event "CRO-chT"]
[Site "Medulin"]
[Date "1997.??.??"]
[Round "?"]
[White "Martic, Zlatko"]
[Black "Bukal, Vladimir Jr"]
[Result "0-1"]
[WhiteElo "2315"]
[BlackElo "2350"]

1.d4 d5 2.c4 c6 3.Nf3 Nf6 4.Nc3 a6 5.c5 g6 6.Bf4 Bg7 7.e3 Nh5 8.Bd3 Nxf4
9.exf4 Bg4 10.Be2 Bxf3 11.Bxf3 b6 12.cxb6 Qxb6 13.Ne2 Qxb2 14.O-O Qa3 15.Rb1 O-O
16.Qc2 e6 17.Rb3 Qd6 18.Rc1 Rc8 19.Rc3 a5 20.g4 Bh6 21.g5 Bf8 22.h4 Na6 23.h5 c5
24.hxg6 hxg6 25.a3 c4 26.Kg2 Nc7 27.Bg4 Nb5 28.Rh3 Bg7 29.Rch1 Rab8 30.Qc1 Nxd4
31.Nxd4 Bxd4 32.Qe3 Qb6 33.Rh7 Qb2 34.Qg3 Bg7 35.Qh3 Rc6  0-1

[Event "Moravia-chT 9697"]
[Site "?"]
[Date "1997.??.??"]
[Round "?"]
[White "Kojetsky, Pavel"]
[Black "Klima, Lukas"]
[Result "1/2-1/2"]
[WhiteElo "2130"]
[BlackElo "2235"]

1.d4 Nf6 2.Nf3 d5 3.c4 c6 4.Nc3 a6 5.e3 b5 6.b3 Bg4 7.Be2 e6 8.Ne5 Bb4 9.Bd2 Bxc3
10.Bxc3 Bxe2 11.Qxe2 Ne4 12.Qd3 f6 13.Nf3 O-O 14.O-O Nd7 15.Nd2 Nxd2 16.Bxd2 Qe7
17.e4 Qf7 18.exd5 exd5 19.cxb5 cxb5 20.a4 Qg6 21.Qh3  1/2-1/2

[Event "Moravia-chT 9697"]
[Site "?"]
[Date "1997.??.??"]
[Round "?"]
[White "Kupka, Slavoj"]
[Black "Berezjuk, Sergej"]
[Result "1/2-1/2"]
[WhiteElo "2365"]
[BlackElo "2410"]

1.d4 Nf6 2.Nf3 d5 3.c4 c6 4.Nc3 a6 5.e3 b5 6.cxd5 cxd5 7.Be2 e6 8.O-O Nbd7
9.Bd2 Bd6 10.Qb3 O-O 11.Rfc1 Bb7 12.Be1 Qe7 13.Qd1 Rfd8 14.Rc2 e5 15.dxe5 Nxe5
16.Nd4 g6 17.Rac1 Nc4 18.Bf1 h5 19.g3 h4 20.Bg2 hxg3 21.hxg3 Ne4 22.b3 Ne5
23.Nce2 Ba3 24.Rc7 Rd7 25.Rxd7 Qxd7 26.Rc2 Rc8 27.Nf4 Be7 28.Qc1 Rxc2 29.Qxc2 Kg7
30.Nd3 Bd6 31.Nf4 Be7 32.Nd3 Nxd3 33.Qxd3 Qd6 34.Qc2 b4 35.Bd2 a5 36.Bc1 Nc3
37.Bb2 Qc5 38.a3 Bf6 39.axb4 axb4 40.Qd3 Bc8 41.Bf1 Bd7 42.Kg2 Qa5 43.Kg1 Bg4
44.Kg2 Nd1 45.Bc1 Qa1 46.Qd2 Nc3 47.f3 Bd7 48.g4 Qa7 49.Bb2 Qc5 50.Ne2 Kg8
51.Nd4 Be5 52.Be2 Qe7 53.Bxc3 bxc3 54.Qxc3 Qh4 55.f4 Bg7 56.Qc5 Bxg4 57.Bxg4 Qxg4+
58.Kf2 Bf6 59.Qxd5 Qd1 60.Qf3 Qd2+ 61.Qe2 Qc3 62.Qc4 Qd2+ 63.Qe2 Qc3 64.Qc4 Qd2+  1/2-1/2

[Event "Moravia-chT 9697"]
[Site "?"]
[Date "1997.??.??"]
[Round "?"]
[White "Jankovec, Ivan"]
[Black "Mlynek, Petr"]
[Result "1/2-1/2"]
[WhiteElo "2275"]
[BlackElo "2135"]

1.d4 d5 2.c4 c6 3.Nf3 Nf6 4.Nc3 a6 5.e3 b5 6.b3 Bg4 7.Be2 e6 8.O-O Nbd7 9.a4 b4
10.Nb1 Bd6 11.Nbd2 O-O 12.Bb2  1/2-1/2

[Event "Goldberg mem"]
[Site "Moscow "]
[Date "1997.??.??"]
[Round "8"]
[White "Kiselev, Sergey"]
[Black "Komliakov, Viktor"]
[Result "1/2-1/2"]
[WhiteElo "2485"]
[BlackElo "2460"]

1.d4 d5 2.c4 c6 3.Nc3 Nf6 4.Nf3 a6 5.cxd5 cxd5 6.Bf4 Nc6 7.e3 Bg4 8.Be2 e6
9.O-O Bd6 10.Bxd6 Qxd6 11.Nd2 Bxe2 12.Qxe2 O-O 13.Rfc1 Rfc8 14.Nb3 Nd7 15.Na4 Ne7
16.Nac5 Nxc5 17.Nxc5 Rc7  1/2-1/2

[Event "Goldberg mem"]
[Site "Moscow "]
[Date "1997.??.??"]
[Round "12"]
[White "Guliev, Sarhan"]
[Black "Komliakov, Viktor"]
[Result "1/2-1/2"]
[WhiteElo "2425"]
[BlackElo "2460"]

1.d4 d5 2.c4 c6 3.Nc3 Nf6 4.Nf3 a6 5.e3 b5 6.b3 Bg4 7.Be2 Nbd7 8.O-O e6 9.h3 Bh5
10.Ne5 Bxe2 11.Nxe2 dxc4 12.bxc4 Nxe5 13.dxe5 Qxd1 14.Rxd1 Nd7  1/2-1/2

[Event "Moscow-1"]
[Site "Moscow"]
[Date "1997.??.??"]
[Round "5"]
[White "Rychagov, Andrei"]
[Black "Komliakov, Viktor"]
[Result "1/2-1/2"]
[WhiteElo "2455"]
[BlackElo "2460"]

1.d4 d5 2.c4 c6 3.Nf3 Nf6 4.Nc3 a6 5.a4 e6 6.Bg5 Nbd7 7.e3 Qa5 8.Nd2 Bb4
9.Qc2 O-O 10.Be2 Ne4 11.Ndxe4 dxe4 12.Bh4 f5 13.O-O Nf6 14.Na2 Bd6 15.c5 Bb8
16.b4 Qd8 17.b5 axb5 18.axb5 cxb5 19.Nb4 Rxa1 20.Rxa1 Bd7 21.Qb3 Kh8 22.Bg3 Bxg3
23.hxg3 Qc7 24.Qa2 h6 25.Qa7 Rc8 26.Ra5 e5 27.Nc2 exd4 28.exd4 Nd5 29.Bxb5 f4
30.Bc4 Ne7 31.Ra1 fxg3 32.fxg3 e3 33.Qa3 Nf5 34.g4 Qg3 35.gxf5 Qf2+ 36.Kh2 Qh4+  1/2-1/2

[Event "Moscow-1"]
[Site "Moscow"]
[Date "1997.??.??"]
[Round "7"]
[White "Frog, Ilya"]
[Black "Komliakov, Viktor"]
[Result "1/2-1/2"]
[WhiteElo "2410"]
[BlackElo "2460"]

1.d4 d5 2.c4 c6 3.Nc3 Nf6 4.Nf3 a6 5.cxd5 cxd5 6.Bf4 Nc6 7.Ne5 Bd7 8.e3 e6
9.Bd3 Be7 10.O-O O-O 11.Nxd7 Nxd7 12.Rc1 Rc8 13.Bb1 Nf6 14.Na4 Bd6 15.Bxd6 Qxd6
16.Nc5 Rc7 17.Qd2 Rfc8  1/2-1/2

[Event "JUG-chT"]
[Site "Niksic"]
[Date "1997.??.??"]
[Round "4"]
[White "Ivanisevic, Ivan"]
[Black "Marcetic, Nikola"]
[Result "1-0"]
[WhiteElo "2540"]
[BlackElo "2330"]

1.d4 d5 2.c4 c6 3.Nf3 Nf6 4.Nc3 a6 5.Bg5 Ne4 6.h4 Nxc3 7.bxc3 dxc4 8.e4 b5
9.Ne5 g6 10.Qf3 f6 11.h5 Rg8 12.hxg6 hxg6 13.Rh7 Be6 14.Rd1 fxe5 15.d5 cxd5
16.exd5 e4 17.Qe3 Bxd5 18.f3 Bg7 19.fxe4 Qa5 20.Rxg7 Rxg7 21.exd5 Nd7 22.d6 Qb6
23.Qe4 Rc8 24.Bxe7 Qc6 25.Rd5 Kf7 26.Be2 Nc5 27.Qe5 Nd3+ 28.Bxd3 cxd3 29.d7 Rh8
30.d8=Q Rxd8 31.Rxd8 d2+ 32.Rxd2 Qe6 33.Qxe6+ Kxe6 34.Bc5  1-0

[Event "RUS-chT"]
[Site "Orel"]
[Date "1997.??.??"]
[Round "?"]
[White "Notkin, Maksim"]
[Black "Chekhov, Valery A"]
[Result "1/2-1/2"]
[WhiteElo "2515"]
[BlackElo "2520"]

1.d4 d5 2.c4 c6 3.Nc3 Nf6 4.Nf3 a6 5.Bg5 Ne4 6.Bf4 Nxc3 7.bxc3 dxc4 8.e4 b5
9.Ne5 g6 10.h4 f6 11.Nf3 Bg4 12.h5 g5 13.Be3 Nd7 14.Be2 e5 15.h6 Qa5 16.O-O Ba3
17.dxe5 Bxf3 18.Bxf3 Nxe5 19.Bh5+ Ke7 20.Bd4 Rad8 21.f4 gxf4 22.Rxf4 Rhf8
23.Qf1 Bd6  1/2-1/2

[Event "Orel"]
[Site "Orel"]
[Date "1997.??.??"]
[Round "?"]
[White "Savon, Vladimir A"]
[Black "Komliakov, Viktor"]
[Result "1/2-1/2"]
[WhiteElo "2445"]
[BlackElo "2460"]

1.d4 d5 2.c4 c6 3.Nc3 Nf6 4.Nf3 a6 5.Ne5 Nbd7 6.Bf4 Nxe5 7.dxe5 d4 8.exf6 dxc3
9.Qxd8+ Kxd8 10.fxe7+ Bxe7 11.bxc3 Bf6 12.O-O-O+ Bd7 13.Kc2 Re8 14.e3 Be5
15.c5 Kc7 16.Bc4 Bf5+ 17.Kb3 f6 18.h4 a5 19.Rd4 a4+  1/2-1/2

[Event "RUS-chT"]
[Site "Orel"]
[Date "1997.??.??"]
[Round "?"]
[White "Makarov, Marat"]
[Black "Volkov, Sergey"]
[Result "1/2-1/2"]
[WhiteElo "2545"]
[BlackElo "2480"]

1.c4 Nf6 2.Nf3 c6 3.Nc3 d5 4.d4 a6 5.e3 b5 6.b3 Bg4 7.Be2 e6 8.O-O Nbd7 9.h3 Bh5
10.Bb2 Qb8 11.Ne5 Nxe5  1/2-1/2

[Event "RUS-chT"]
[Site "Orel"]
[Date "1997.??.??"]
[Round "?"]
[White "Poluljahov, Aleksandr"]
[Black "Volkov, Sergey"]
[Result "1/2-1/2"]
[WhiteElo "2510"]
[BlackElo "2480"]

1.Nf3 d5 2.d4 Nf6 3.c4 c6 4.Nc3 a6 5.Bg5 Ne4 6.Bf4 Nxc3 7.bxc3 dxc4 8.e4 b5
9.Ne5 e6 10.Qf3 Qe7 11.Qg3 Qa3 12.Be2 Nd7 13.Nxd7 Bxd7 14.O-O f6 15.Bh5+ Kd8
16.Bc7+ Kc8 17.Bb6 Qd6 18.f4 g6 19.Be2 Qa3 20.Qe3 Bb4 21.Rac1 Kb7 22.Bc5 a5
23.e5 f5 24.Bf3 Rhd8 25.Rfd1 Be8 26.Rb1 Bxc5 27.dxc5  1/2-1/2

[Event "ISR-ch U16"]
[Site "Petah Tiqwa"]
[Date "1997.??.??"]
[Round "4"]
[White "Postniy, Evgeny"]
[Black "Sitnick, Maxim"]
[Result "1-0"]
[WhiteElo "2190"]
[BlackElo "2135"]

1.d4 d5 2.c4 c6 3.Nf3 Nf6 4.Nc3 a6 5.Bg5 Ne4 6.Bf4 Nxc3 7.bxc3 dxc4 8.e4 b5
9.Ne5 g6 10.Qf3 f6 11.Qg3 g5 12.Be2 Bg7 13.Nxc4 bxc4 14.Bc7 Qd7 15.Bxb8 Qb7
16.Bh5+ Kd8 17.Bf4 Be6 18.Bc1 Qc7 19.Qf3 Rf8 20.Bg4 Qd7 21.Bxe6 Qxe6 22.O-O h5
23.d5 cxd5 24.exd5 Qd6 25.a4 g4 26.Qe2 Rc8 27.Ba3 Qe5 28.Qc2 Re8 29.Rfe1 Qf4
30.Qg6 Bf8 31.Qxh5 e5 32.Bc1  1-0

[Event "POL-ch sf"]
[Site "Poraj "]
[Date "1997.??.??"]
[Round "6"]
[White "Palus, Ryszard"]
[Black "Oliwa, Patryk"]
[Result "1-0"]
[WhiteElo "2235"]
[BlackElo "2150"]

1.d4 d5 2.c4 c6 3.Nf3 Nf6 4.Nc3 a6 5.b3 Bf5 6.e3 e6 7.Be2 Bb4 8.Bd2 Nbd7
9.a3 Bd6 10.O-O h6 11.b4 O-O 12.c5 Bc7 13.a4 e5 14.dxe5 Nxe5 15.Nd4 Bd7 16.b5 Qe7
17.bxa6 bxa6 18.Rc1 Bb8 19.a5 Ne4 20.Na4 Qh4 21.f4 Ng4 22.h3 Ngf2 23.Qe1 Nxh3+
24.gxh3 Qxh3 25.Bf3 g5 26.Bxe4 dxe4 27.Rf2 gxf4 28.Rh2 Qxh2+ 29.Kxh2 fxe3+
30.Kh1 exd2 31.Qxd2 Kh7 32.Rf1 f5 33.Nxf5 Bxf5 34.Rxf5 Rxf5 35.Qd7+ Kg6 36.Qxc6+  1-0

[Event "Porto San Giorgio op"]
[Site "Porto San Giorgio"]
[Date "1997.??.??"]
[Round "3"]
[White "Dautov, Rustem"]
[Black "Barlocco, Carlo"]
[Result "1-0"]
[WhiteElo "2595"]
[BlackElo "2145"]

1.d4 d5 2.c4 c6 3.Nf3 Nf6 4.Nc3 a6 5.c5 g6 6.Bf4 Bg7 7.h3 Nfd7 8.e3 O-O 9.Be2 e5
10.Bg3 exd4 11.exd4 Nf6 12.Bd6 Re8 13.O-O b5 14.Ne5 Nfd7 15.f4 Bf8 16.Bxf8 Nxf8
17.Bd3 Ne6 18.f5 Qh4 19.Nf3  1-0

[Event "CRO-Cup (Women)"]
[Site "Pula"]
[Date "1997.??.??"]
[Round "?"]
[White "Trtanj, Tina"]
[Black "Ionescu Brandis, Irina"]
[Result "0-1"]
[WhiteElo "2070"]
[BlackElo "2230"]

1.d4 d5 2.c4 c6 3.Nf3 Nf6 4.Nc3 a6 5.c5 Nbd7 6.Bf4 g6 7.e3 Bg7 8.Be2 O-O
9.O-O Nh5 10.Ne5 Nxf4 11.exf4 Qc7 12.Bg4 Rb8 13.Qe2 Nxe5 14.fxe5 Bxg4 15.Qxg4 b6
16.b4 bxc5 17.bxc5 Rb4 18.Qd1 Qa5 19.Qd3 Rfb8 20.Ne2 Rb2 21.Rfb1 Qb5 22.Nc3 Qxd3  0-1

[Event "EU-chT (Men)"]
[Site "Pula"]
[Date "1997.??.??"]
[Round "2"]
[White "Sadler, Matthew"]
[Black "Hellsten, Johan"]
[Result "1-0"]
[WhiteElo "2645"]
[BlackElo "2485"]

1.d4 d5 2.c4 c6 3.Nf3 Nf6 4.Nc3 a6 5.a4 g6 6.Bg5 Bg7 7.e3 O-O 8.Qb3 e6 9.a5 Nbd7
10.Be2 Qe7 11.h3 Re8 12.O-O Qf8 13.Bf4 Ne4 14.Nxe4 dxe4 15.Ne5 Qe7 16.Rfd1 f6
17.Nxd7 Qxd7 18.c5 Qf7 19.Bc4 f5 20.Rd2 Bf6 21.Rf1 Bd8 22.Qb4 Bc7 23.Be5 Qe7
24.Kh2 Qf7 25.Qc3 Rd8 26.Rfd1 Re8 27.f3 exf3 28.gxf3 Qe7 29.Rg1 Rd8 30.Rgd1 Kf8
31.e4 Bxe5+ 32.dxe5 Rxd2+ 33.Qxd2 Qxc5 34.Qd8+ Kg7 35.Qf6+ Kh6 36.Kg3 Qxc4
37.Qf8+ Kh5 38.Qe7 f4+ 39.Kxf4 Kh6 40.Kg4 Bd7 41.Rxd7  1-0

[Event "Recklinghausen"]
[Site "Recklinghausen"]
[Date "1997.??.??"]
[Round "5"]
[White "Lazarev, Vladimir"]
[Black "Keitlinghaus, Ludger"]
[Result "1/2-1/2"]
[WhiteElo "2500"]
[BlackElo "2525"]

1.d4 d5 2.c4 c6 3.Nf3 Nf6 4.Nc3 a6 5.c5 Nbd7 6.Bf4 Nh5 7.Bd2 Nhf6 8.Bf4 Nh5
9.Be3 g6 10.h3 Bg7 11.Qd2 O-O 12.g4 Nhf6 13.Bg2 b6 14.cxb6 a5 15.b3 Nxb6
16.Ne5 Bb7 17.f4 Nfd7 18.O-O Nxe5 19.dxe5 e6 20.Ne4 Nd7 21.Nc5 Nxc5 22.Bxc5 Re8
23.g5 a4 24.Rfc1 axb3 25.axb3 Ba6 26.e3 Bb5 27.Qd4 Qd7 28.Rc2 Rxa1+ 29.Qxa1 Bf8
30.Bxf8 Rxf8 31.Ra2 Qe7 32.Qc3 Rb8 33.Kh2 Kg7 34.Ra5 h6 35.h4 c5 36.Qa1 hxg5
37.hxg5 c4 38.bxc4 Bxc4 39.Qa3 Qd8 40.Qc5 Rc8 41.Qa7 Bd3 42.Rc5 Ra8 43.Qc7 Qxc7
44.Rxc7 Ra3 45.Rc1  1/2-1/2

[Event "Robecchetto op2"]
[Site "Robecchetto"]
[Date "1997.??.??"]
[Round "5"]
[White "Colombo, Alberto"]
[Black "Barlocco, Carlo"]
[Result "0-1"]
[WhiteElo "2100"]
[BlackElo "2150"]

1.d4 d5 2.c4 c6 3.Nc3 Nf6 4.Nf3 a6 5.cxd5 cxd5 6.Qb3 Nc6 7.Bg5 e6 8.e3 Be7
9.Bd3 Bd7 10.O-O O-O 11.Rfc1 b5 12.Ne5 Na5 13.Qc2 Rc8 14.Qb1 h6 15.Bh4 Nc4
16.b3 Nxe5 17.dxe5 Ng4 18.Bg3 Bh4 19.a4 Bxg3 20.hxg3 Qb6 21.Qb2 Nxe3 22.Qe2 d4
23.Ne4 Nf5 24.g4 Ne7 25.g5 hxg5 26.Qh5 Nf5 27.g4 Rc3 28.Nxc3 dxc3 29.gxf5 exf5
30.Rxc3 Qd4 31.Rc7 Qxa1+ 32.Kg2 Be6 33.Qe2 bxa4 34.bxa4 Qxa4 35.Bxa6 Bd5+
36.f3 g4 37.Kf2 Bxf3 38.Qd3 Qa2+ 39.Rc2 Qe6 40.Qd6 Re8 41.Rc5 Qa2+ 42.Ke3 Qh2
43.Bd3 f4+ 44.Kd4 Qb2+ 45.Kc4 Rb8 46.Rc7 Be2 47.e6 Qc2+ 48.Kd4 Qxd3+ 49.Ke5 f6+  0-1

[Event "Texas-ch"]
[Site "San Antonio"]
[Date "1997.??.??"]
[Round "3"]
[White "Curtin, Eugene"]
[Black "Unalmis, Omer Haldun"]
[Result "1/2-1/2"]
[WhiteElo "2368"]
[BlackElo "2378"]

1.d4 d5 2.c4 c6 3.Nf3 Nf6 4.Nc3 a6 5.cxd5 cxd5 6.Bf4 Nc6 7.e3 e6 8.Bd3 Be7
9.Ne5 O-O 10.O-O Bd7 11.Rc1 Rc8 12.Bb1 b5 13.Qd3 g6 14.Bg5 Nxe5 15.dxe5 Ng4
16.Bxe7 Qxe7 17.f4 Qc5 18.Rf3 b4 19.Ne2 Qb6 20.Qd2 Rxc1+ 21.Nxc1 h5 22.h3 Nh6
23.Nb3 Rc8 24.Rf1 Bb5 25.Rc1 Rc4 26.Nd4 a5 27.b3 Rc5 28.Kf2 Kg7 29.Kf3 Bd7
30.g4 hxg4+ 31.hxg4 Rxc1 32.Qxc1 Ng8 33.f5 exf5 34.gxf5 gxf5 35.Bxf5 Qd8
36.Qg1+ Kf8 37.Bxd7 Qxd7 38.Qg4 Qxg4+ 39.Kxg4 Ne7 40.Kg5 Ke8 41.Kf6 Ng8+
42.Kf5 Kd7 43.Kg5 Kc7 44.Ne2 Kd7 45.Nf4 Kc6 46.Kf5 Nh6+ 47.Kf6 Ng4+ 48.Kxf7 Nxe5+
49.Ke6 Nd7 50.Nxd5 Nc5+ 51.Ke5 Nd3+ 52.Kd4 Nc1 53.e4 Nxa2 54.Kc4 Nc1 55.Nf4 Kd6
56.Nd3 Nxd3 57.Kxd3 Ke5 58.Kc4 Kxe4 59.Kb5 Kd4 60.Kxa5 Kc5 61.Ka4 Kc6 62.Kxb4 Kb6
63.Kc4 Kc6  1/2-1/2

[Event "Texas-ch"]
[Site "San Antonio"]
[Date "1997.??.??"]
[Round "5"]
[White "Patty, John"]
[Black "Unalmis, Omer Haldun"]
[Result "1-0"]
[WhiteElo "2201"]
[BlackElo "2378"]

1.d4 d5 2.c4 c6 3.Nc3 Nf6 4.Nf3 a6 5.cxd5 cxd5 6.Bf4 Nc6 7.e3 e6 8.Bd3 Be7
9.h3 O-O 10.O-O b5 11.a3 Na5 12.Ne5 Bb7 13.Qe2 Rc8 14.Bg5 Ne4 15.Bxe7 Qxe7
16.Qc2 f5 17.Rfc1 Nxc3 18.bxc3 Rc7 19.Qb2 Nc4 20.Bxc4 dxc4 21.Qb4 Qg5 22.g3 Qd8
23.a4 g5 24.Re1 bxa4 25.Rxa4 Qe8 26.Ra5 Rg7 27.Qxc4 Rf6 28.Rb1 Rh6 29.Rc5 Rxh3
30.Rxb7 Rh1+ 31.Kxh1 Qh5+ 32.Kg2 Rxb7 33.Qxe6+ Kg7 34.Rc8 h6 35.Qg8+ Kf6  1-0

[Event "Santiago op"]
[Site "Santiago de Chile"]
[Date "1997.??.??"]
[Round "5"]
[White "Vargas, Ivan"]
[Black "Rojas, Luis"]
[Result "0-1"]
[WhiteElo "2230"]
[BlackElo "2385"]

1.d4 d5 2.c4 c6 3.Nc3 Nf6 4.Nf3 a6 5.cxd5 cxd5 6.g3 Nc6 7.Bg2 e6 8.O-O Be7
9.a3 O-O 10.b4 b5 11.Qb3 Nd7 12.e4 Nb6 13.Rd1 Bb7 14.Be3 Nc4 15.exd5 exd5
16.Ne5 Na7 17.a4 Qd6 18.Nd3 Nxe3 19.fxe3 Bg5 20.Re1 Rae8 21.Nf4 Bxf4 22.gxf4 Qg6
23.Nxd5 Nc8 24.e4 Nd6 25.f5 Qg5 26.Kh1 bxa4 27.Qa2 Nb5 28.Qf2 Bxd5 29.exd5 Rxe1+
30.Qxe1 a3 31.d6 Qxf5 32.Qe7 Qe6 33.d5 Qf6 34.Qxf6 gxf6 35.Bf1 Rd8 36.Bxb5 axb5
37.Rxa3 Rxd6 38.Rd3 Kg7 39.Kg2 Kg6 40.Kf3 Kf5 41.Rd4 Ke5 42.Rh4 Rxd5 43.Ke3 f5
44.Rh5 f6 45.Rxh7 f4+ 46.Kf3 Rd3+ 47.Kg4 f5+ 48.Kg5 f3 49.Re7+ Kd6 50.Re1 f2
51.Rf1 Rf3 52.h4 Ke5 53.h5 Ke4 54.h6 Ke3 55.Kh4 Rf4+ 56.Kh5 Re4 57.Kg6 Re6+  0-1

[Event "Schwaebisch Gmuend op"]
[Site "Schwaebisch Gmuend"]
[Date "1997.??.??"]
[Round "1"]
[White "Bruch, Ingo"]
[Black "Chalaida, Adam"]
[Result "1-0"]
[WhiteElo "2320"]
[BlackElo "1765"]

1.d4 d5 2.c4 c6 3.Nf3 Nf6 4.Nc3 a6 5.a4 Bf5 6.Qb3 Ra7 7.Bf4 e6 8.e3 Be7 9.a5 Nfd7
10.h3 O-O 11.c5 Bg6 12.Be2 f6 13.O-O e5 14.dxe5 fxe5 15.Nxe5 Nxe5 16.Bxe5 Nd7
17.Bd4 Bxc5 18.Na4 Bxd4 19.exd4 Qxa5 20.Bg4 b5 21.Bxd7 bxa4 22.Bxc6 axb3
23.Rxa5 Bf7 24.Rc1 Rb8 25.Rcc5 h6 26.Bxd5 Bxd5 27.Rxd5 Rc8 28.Rdc5 Rac7 29.Kf1 Kf7
30.Ke2 Rxc5 31.dxc5 Rc6 32.Ke3 Ke7 33.Kd4 Kd7 34.Ra3 Rg6 35.g3 Rf6 36.f4 a5
37.Rxb3 a4 38.Rb7+ Kc8 39.Rxg7  1-0

[Event "Seefeld op"]
[Site "Seefeld"]
[Date "1997.??.??"]
[Round "?"]
[White "Grab, Ratko"]
[Black "Voss, Ingo"]
[Result "1/2-1/2"]
[WhiteElo "2040"]
[BlackElo "2230"]

1.d4 d5 2.Nf3 Nf6 3.c4 c6 4.Nc3 a6 5.Qb3 e6 6.Bg5 dxc4 7.Qxc4 b5 8.Qb3 Nbd7
9.e3 Qb6 10.Bxf6 gxf6 11.Be2 Bb7 12.O-O c5 13.a4 b4 14.a5 Qc7 15.Na4 Bd5
16.Bc4 Bxf3 17.gxf3 cxd4 18.exd4 Rg8+ 19.Kh1 Qf4 20.Qe3 Bd6  1/2-1/2

[Event "RUS-ch Armed Forces"]
[Site "Sevastopol"]
[Date "1997.??.??"]
[Round "1"]
[White "Legky, Nikolay A"]
[Black "Komliakov, Viktor"]
[Result "1/2-1/2"]
[WhiteElo "2535"]
[BlackElo "2460"]

1.d4 d5 2.c4 c6 3.Nf3 Nf6 4.Nc3 a6 5.h3 b5 6.cxd5 cxd5 7.Bf4 e6 8.e3 Bd6
9.Ne5 O-O 10.Bd3 Bb7 11.Bg5 Be7 12.O-O Nbd7 13.f4 Ne4 14.Bxe4 dxe4 15.Bxe7 Qxe7
16.Rc1 Rac8 17.Nxd7 Qxd7 18.Rf2 b4 19.Nb1 Rxc1 20.Qxc1 Qd5 21.a3 Rc8 22.Rc2 Rxc2
23.Qxc2 g5 24.fxg5 Qxg5 25.Qf2 a5 26.Kh2 Kg7 27.axb4 axb4 28.Nd2 Bd5 29.Nf1 Bc4
30.Ng3 Bd3 31.Qf4 Kg6 32.Qf2 f6 33.Nh1 h5 34.h4 Qg4 35.Qg3 Kf5 36.Qh3 Qxh3+
37.Kxh3 Kg6 38.Nf2 Kf5 39.g4+ hxg4+ 40.Nxg4 Be2 41.Nf2 Bf3 42.Kg3 Be2 43.Nh3 e5
44.dxe5 fxe5 45.Nf2 Bf3 46.Kh3 Be2 47.Kg2 Bh5 48.Kf1 Bf3 49.Ke1 Bh5 50.Kd2 Bf7
51.Kc2 Bd5 52.h5 Kg5 53.h6 Kxh6 54.Ng4+ Kg5 55.Nxe5 Kf5 56.Nd7 Bc4  1/2-1/2

[Event "RUS-Cup8"]
[Site "Smolensk"]
[Date "1997.??.??"]
[Round "6"]
[White "Zakharevich, Igor"]
[Black "Zagrebelny, Sergey"]
[Result "1/2-1/2"]
[WhiteElo "2505"]
[BlackElo "2480"]

1.d4 d5 2.c4 c6 3.Nf3 Nf6 4.Nc3 a6 5.a4 e6 6.Bg5 Nbd7 7.cxd5 exd5 8.e3 Be7
9.Bd3 O-O 10.Qc2 Re8 11.a5 h6 12.Bh4 Ne4 13.Bxe7 Qxe7 14.Bxe4 dxe4 15.Nd2 Nf6
16.O-O Nd5 17.Nxd5 cxd5 18.Rfc1 Bd7 19.Qc7 Qe6 20.Nb3 Rac8 21.Qf4 Bb5 22.Rxc8 Rxc8
23.Nc5 Qc6 24.Qf5 Rd8 25.Rc1 Qc7 26.h4 Bc6 27.Nb3 Qe7 28.Qf4 Qb4 29.Qc7 Ra8
30.Rc3 Qb5 31.Nc5 Qxb2 32.Rb3 Qd2 33.Rb1 Qa2 34.Rf1 Qb2 35.Nd7 Bxd7 36.Qxd7 Qb5
37.Qc7 Re8 38.Rc1 Re6 39.Qd8+ Re8 40.Qc7 Re6 41.Qd8+ Re8 42.Qc7  1/2-1/2

[Event "RUS-Cup8"]
[Site "Smolensk"]
[Date "1997.??.??"]
[Round "8"]
[White "Kharitonov, Andrei Y"]
[Black "Volkov, Sergey"]
[Result "1/2-1/2"]
[WhiteElo "2520"]
[BlackElo "2480"]

1.d4 d5 2.c4 c6 3.Nf3 Nf6 4.Nc3 a6 5.Ne5 Nbd7 6.Bf4 dxc4 7.Nxc4 b5 8.Ne5 Bb7
9.e3 c5 10.Nxd7 Nxd7 11.d5 g6 12.a4 b4 13.Ne4 Bg7 14.Qb3 O-O 15.Rd1 Rc8 16.Nd2 c4
17.Qxb4 c3 18.bxc3 Bxc3 19.Qxb7 Nc5 20.Qb1 Qxd5 21.e4 Nxe4 22.Bxa6 Rcd8 23.Bb7 Nxd2
24.Bxd5 Nxb1+ 25.Ke2 Ba5 26.Rxb1 Rxd5 27.Rhd1 Rf5 28.Be3 Ra8 29.Rb5 Kf8 30.Rxf5 gxf5
31.Rd7 Rb8 32.Rd5 Bc7 33.Rxf5 Rb2+ 34.Kf3 Ra2 35.Rc5 Bxh2 36.g3 Rxa4 37.Kg2 Bxg3
38.Kxg3 f6 39.Rc8+ Kf7 40.Bf4 Ra6  1/2-1/2

[Event "Sochi"]
[Site "Sochi"]
[Date "1997.??.??"]
[Round "?"]
[White "Savon, Vladimir A"]
[Black "Volkov, Sergey"]
[Result "1-0"]
[WhiteElo "2445"]
[BlackElo "2480"]

1.d4 d5 2.c4 c6 3.Nf3 Nf6 4.Nc3 a6 5.c5 Nbd7 6.Bf4 Nh5 7.Bd2 g6 8.e3 Qc7
9.Be2 Nhf6 10.Qc2 Bg7 11.h3 O-O 12.O-O Re8 13.Rac1 e5 14.dxe5 Nxe5 15.Nd4 Ned7
16.b4 Nf8 17.Bd3 Ne6 18.Nxe6 fxe6 19.e4 e5 20.f4 Be6 21.Rce1 Bf7 22.exd5 Nxd5
23.Nxd5 cxd5 24.fxe5 Bxe5 25.Bc3 d4 26.Bd2 Bh2+ 27.Kh1 Rxe1 28.Bxe1 Rf8 29.Bd2 Be5
30.Bh6 Bg7 31.Bxg7 Kxg7 32.Qf2 Qd8 33.Kg1 Be6 34.Qxf8+ Qxf8 35.Rxf8 Kxf8
36.Be4 Bxa2 37.Bxb7 Bc4 38.c6 Bd5 39.Bxa6 Bxc6 40.b5 Bd5 41.b6 Ke7 42.b7 Bxb7
43.Bxb7 Kd6 44.Be4 Ke5 45.Bd3 Kf4 46.Kf2  1-0

[Event "Sochi"]
[Site "Sochi"]
[Date "1997.??.??"]
[Round "?"]
[White "Kalugin, Sergei"]
[Black "Volkov, Sergey"]
[Result "1/2-1/2"]
[WhiteElo "2255"]
[BlackElo "2480"]

1.d4 d5 2.c4 c6 3.Nf3 Nf6 4.Nc3 a6 5.Bg5 dxc4 6.a4 h6 7.Bd2 Be6 8.e4 Nbd7
9.a5 g5 10.h3 Bg7 11.Qc2 Qc7 12.Na4 Rd8 13.Ra3 Qb8 14.Be2 Nh5 15.g3 Nhf6
16.Kf1 Kf8 17.Bb4 Re8 18.Kg2 Kg8 19.Re1 Bxh3+ 20.Kxh3 g4+ 21.Kg2 gxf3+ 22.Rxf3 e5
23.Bxc4 exd4 24.Rf5 Ne5 25.Ba2 Rh7 26.Nb6 Bh8 27.f4 Neg4 28.e5 Qd8 29.Kf3 Ne3
30.Rxe3 dxe3 31.exf6 Bxf6 32.Nd7 Qxd7 33.Rxf6 Rg7 34.Rg6 e2 35.Bc3 e1=N+
36.Bxe1 Qh3 37.Rxg7+ Kxg7 38.Bc3+ f6 39.Bb1 Qh1+ 40.Kf2 Qh2+ 41.Kf1 Qh1+  1/2-1/2

[Event "Sochi"]
[Site "Sochi"]
[Date "1997.??.??"]
[Round "?"]
[White "Lunev, A."]
[Black "Volkov, Sergey"]
[Result "1/2-1/2"]
[WhiteElo "2400"]
[BlackElo "2480"]

1.c4 Nf6 2.Nf3 c6 3.d4 d5 4.Nc3 a6 5.c5 Nfd7 6.Bf4 g6 7.h3 Bg7 8.e3 b6 9.cxb6 Qxb6
10.Rb1 c5 11.Bd3 Bb7 12.O-O O-O 13.Na4 Qa7 14.dxc5 Nxc5 15.Nxc5 Qxc5 16.b4 Qa7
17.Be5 Nd7 18.Bd4 Qb8 19.Bxg7 Kxg7 20.Nd4 Qd6 21.Nb3 Bc6 22.Na5 Ne5 23.Nxc6  1/2-1/2

[Event "ROM-chT2"]
[Site "Sovata"]
[Date "1997.??.??"]
[Round "?"]
[White "Manolache, Marius"]
[Black "Rogozenko, Dorin"]
[Result "1-0"]
[WhiteElo "2370"]
[BlackElo "2490"]

1.d4 d5 2.c4 c6 3.Nf3 Nf6 4.Nc3 a6 5.c5 g6 6.Bf4 Bg7 7.h3 O-O 8.e3 b6 9.cxb6 Qxb6
10.a3 a5 11.Na4 Qa7 12.Be2 Nbd7 13.Ne5 Bb7 14.O-O Rfd8 15.Rc1 Rac8 16.Qb3 Ba8
17.Qd3 Bb7 18.Rc2 Bf8 19.Rfc1 Nxe5 20.dxe5 Nd7 21.Qd4 Ra8 22.e6 fxe6 23.Bg4 Kf7
24.Nc5 Nxc5 25.Rxc5 h5 26.Bc7 hxg4 27.Qf4+ Kg8 28.Qxg4 Rd6 29.Qxg6+ Bg7 30.Rxa5 Qxa5
31.Bxa5 Rxa5 32.Qe8+ Bf8 33.Rc3 Ra8 34.Qg6+ Bg7 35.Qg5 Kf7 36.Qh5+ Kf8 37.Rb3 Ba6
38.Rb4 d4 39.exd4 Rd5 40.Qg6  1-0